000
00282nam a22001217a 4500
999
_c
14775
_d
14775
082
_a
297٫16MUA
100
_a
ابو الا علی مودعدی
245
_a
تفھیم القرآن
250
_a
Vol 4 and Vol 1
260
_a
لاھور
_c
۱۹۸۸
300
_a
IRP
942
_c
BK